| 000 | 01095nam a22002897a 4500 | ||
|---|---|---|---|
| 001 | 9414 | ||
| 003 | FISKH | ||
| 005 | 20260106101108.0 | ||
| 008 | 260106b cb ||||| |||| 00| 0 eng d | ||
| 020 | _a051487010075 | ||
| 040 |
_aFISKH _beng _cFISKH _dFISKH |
||
| 050 | _aQP462 .S65 | ||
| 082 | _a612.85 | ||
| 100 |
_aSmith, Kathie Billingslea _eAuthor |
||
| 245 |
_aHearing : _bA troll question book / _cBy Kathie Billingslea Smith & Victoria Crenson ; Illustrated by Robert S. Storms ; Medical Consultant: Ira T. Fine, M.D. |
||
| 260 |
_aNew Jersey : _bTroll Associates , _c1988 |
||
| 300 |
_a16 unnumbered pages : _bcolor illustrations ; _c21 cm |
||
| 505 | _aJ | ||
| 520 | _aQuestions and answers provide basic information about hearing and the ear, covering such topics as "Can I hear things when I'm asleep?" and "How do I take care of my ears?" | ||
| 521 | 8 |
_a400
_bLexile estimate |
|
| 521 | 8 |
_aJ
_bRaz-Plus |
|
| 650 |
_aEarly non-fiction _vFive senses |
||
| 650 |
_aHealth _vHearing |
||
| 700 |
_aStorms, Robert S. _eIllustrator |
||
| 942 |
_2ddc _cBK _n0 |
||
| 999 |
_c9414 _d9414 |
||